| 000 | 00621nam a2200241 a 4500 | ||
|---|---|---|---|
| 001 | 0001-1309 | ||
| 003 | ELIB.Books | ||
| 008 | 150709 2010 eng | ||
| 020 | _a076480653X | ||
| 035 | _a(ELIB.Books)0001-1464 | ||
| 092 |
_a269.6 _bPin |
||
| 100 | _aPinet, Andre. | ||
| 245 | _a15 Days of Prayer with Johnnes Tauler | ||
| 260 |
_aMissouri _bLiguori Publication _c2000 |
||
| 300 |
_a101 _c21 Cm |
||
| 500 | _aLibrary | ||
| 650 | _aMeditation | ||
| 856 |
_nKBTS: Library _uKBTS: Elib |
||
| 942 |
_2ddc _cBK |
||
| 990 | _a2 | ||
| 998 |
_cbat _e2015-07-09 _mcat _u2019-06-29 |
||
| 999 |
_c11309 _d11309 |
||